000 00417pab a2200169 454500
008 180718b2015 xxu||||| |||| 00| 0 eng d
100 _aRustagi, Preet
245 _aInformal employment statistics - Some issue (Notes)
260 _c2015
300 _ap.67-72.
362 _a7 Feb
650 _aStatistics
650 _aEmployment
773 _aEconomic and Political Weekly
908 _aN
909 _a106847
999 _c106842
_d106842